Matilde Rosa Araújo (Registo nº 201679)
[ vista simples ]
| 000 -Etiqueta do registo | |
|---|---|
| Valores | 00562nam 22001813 4500 |
| 100 ## - Dados gerais de processamento | |
| Dados gerais | 20260408d u||y0pory50 ba |
| 200 ## - Titulo e menção de responsabilidade | |
| Título próprio | Matilde Rosa Araújo |
| Primeira menção de responsabilidade | textos José António Gomes...[et. al] |
| 205 ## - Menção da edição | |
| Edição | 2ª |
| 210 ## - Publicação | |
| Local de publicação | Porto |
| Nome do editor | Livraria Civilização Editora |
| Data de publicação | 1995 |
| 215 ## - Descrição física | |
| Paginação / Volumes | 46 p. |
| Outras indicações físicas | brochado |
| Dimensões | 30 cm |
| 225 ## - Colecção | |
| Título próprio da colecção | Uma pequenina luz brusuleante |
| 606 ## - Nome comum usado como assunto | |
| ID Autoridade | 11269 |
| Palavra de ordem | Questões gerais em linguística e literatura. Filologia |
| 675 ## - CDU | |
| Notação | 82.09 |
| Edição | PT |
| Língua | por |
| 801 ## - Fonte de origem | |
| País | PT |
| Agência | BMMN |
| Regras de catalogação | RPC |
| 830 ## - Notas gerais do catalogador | |
| Criado por | Fernando |
| Indexado por | Fernando |
| 990 ## - Elementos KOHA | |
| Tipo de documento | Livro |
| Situação do levantamento | Biblioteca de origem | Código de barras | Cota | Permissão de empréstimo | Tipo de documento | Forma de aquisição |
|---|---|---|---|---|---|---|
| Biblioteca Municipal de Montemor-o-Novo | 31043 | 82.09 MAT|DEP | Livro | Compra |